00632nam a2200181 i 450000100060000000300090000600500170001500700030003200800410003510000250007624500910010125000150019226000390020730000330024685200320027999900170031195201220032872800ES-MaACL20230906171548.0t|040903s1963 sp ||||1| spa d1 aGodin, Henri.95752610aLevadura en la masa b: manual de vida cotidiana para nuestros días / cHenri Godin. a[4ª ed.]. aBarcelona : bNova Terra, c[1963] a403 p., 12 lám. ; c20 cm. aES-MaACLjC-30994 bR.61587 c72800d72800 00104070aATENEOMbATENEOMcDEPO2d2008-01-17eSCl0oC-30994p1076208r2023-02-23 00:00:00w2023-02-23yMONOGRAFIA